000 01083nam a2200253Ia 4500
001 Z_2909
008 220601s9999 xx 000 0 und d
082 _a636.2142 S46
111 _aSeminario Internacional del Centro de Ganadería del Colegio de Postgraduados. (septiembre 1990 : Montecillo, México.)
_9179934
245 _aMejoramiento genético de bovinos lecheros : aspectos relevante / editor José Espinoza Velázquez
260 _aMéxico : Colegio de Postgraduados, Centro de Ganadería
300 _a146 p.
500 _aXI Aniversario del Centro de Ganadería, del Colegio de Postgraduados
503 _aej.1 - ej.6
650 _a1. Ganado lechero - Genética
650 _aGanado lechero - Mejoramiento
700 _aI. Espinoza Velázquez, José, ed.
_9179936
711 _aI. Seminario Internacional del Colegio de Postgraduados. Centro de Ganadería (septiembre 1990 : Montecillo, México.) Ì
_9179937
901 _a636.2142 S46
902 _aM
905 _a1232271990 mx amn 8211313311spa16
942 _c1
999 _c216889
_d216889